000 00239nam a22001217a 4500
041 _aENG
100 _aKhush.G.S
245 _aRice Genetics Iv
260 _aDelhi
_bIRRI
_c2001
300 _a488
650 _aGAE (15)
856 _uGAE (15)
999 _c2980
_d2980